Frutas y hortalizas industrializadas y frescas desecadas y deshidratadas /

Guardado en:
Autor Principal: Luchini, Ricardo
Formato: Libro
Publicado: Buenos Aires : F.h.i., 1976
Materias:
Etiquetas: Agregar Etiqueta
Sin Etiquetas, Sea el primero en etiquetar este registro!
LEADER 00604nam a22002055a 4500
001 CEM.cems016864
005 20091116100755.0
008 130507s1976##################000#0#####d
003 CEMS
082 0 4 |a 664 
100 1 |a Luchini, Ricardo 
245 1 0 |a Frutas y hortalizas industrializadas y frescas desecadas y deshidratadas /  |c Ricardo Luchini, 
260 |a Buenos Aires :  |b F.h.i.,  |c 1976 
300 |a 743 p. 
653 |a Conservas 
653 |a Vinos 
653 |a Aceite 
653 |a Alimentos 
653 |a Alimentos-conservacion 
859 |a CEMS  |b BIB. CEMS - Agricultura  |h 664  |i L964  |p A12540.83  |t Ej.1  |v 1  |3 Vol. 1